[Event "Quebec op"]
[Site "Ste-Foy CAN"]
[Date "2017.08.13"]
[Round "3.7"]
[White "Perron, Jonathan"]
[Black "Trahan, Daniel"]
[Result "0-1"]
[WhiteElo "2080"]
[BlackElo "1954"]
[WhiteFideId "-1"]
[WhiteFideId "-1"]
[PlyCount "88"]
[GameId "2160767908347221"]
[EventDate "2017.08.12"]
[EventType "swiss"]
[EventRounds "9"]
[EventCountry "CAN"]

1. e4 c5 2. Nf3 d6 3. d4 cxd4 4. Nxd4 Nf6 5. Nc3 Nc6 6. Bg5 e6 7. Qd2 a6 8. f3 h6 9. Be3 Bd7 10. O-O-O b5 11. Nxc6 Bxc6 12. Ne2 d5 13. Nd4 Rc8 14. e5 Nd7 15. f4 Be7 16. Bd3 Qc7 17. Kb1 Nc5 18. Nxc6 Qxc6 19. Bxc5 Qxc5 20. h4 Qb4 21. c3 Qa5 22. f5 b4 23. cxb4 Bxb4 24. Qf4 exf5 25. Qxf5 Ke7 26. Rhf1 Rhf8 27. e6 fxe6 28. Qg6 Rxf1 29. Rxf1 Bc3 30. Qf7+ Kd6 31. Qb7 Qb4 32. Qxb4+ Bxb4 33. Bxa6 Rc7 34. Rc1 Rxc1+ 35. Kxc1 e5 36. Bb7 e4 37. Kd1 Ke5 38. Ke2 d4 39. a3 d3+ 40. Ke3 Bc5+ 41. Kd2 Kd4 42. g4 Bd6 43. b4 e3+ 44. Kd1 e2+ 0-1

[Event "Quebec op"]
[Site "Ste-Foy CAN"]
[Date "2017.08.13"]
[Round "3.10"]
[White "Yao, Sammy"]
[Black "Gras, Guillaume"]
[Result "1-0"]
[WhiteElo "1965"]
[BlackElo "2061"]
[WhiteFideId "-1"]
[WhiteFideId "-1"]
[PlyCount "59"]
[GameId "2160767908347223"]
[EventDate "2017.08.12"]
[EventType "swiss"]
[EventRounds "9"]
[EventCountry "CAN"]

1. c4 e5 2. g3 Nc6 3. Bg2 f5 4. Nc3 Nf6 5. d3 Bc5 6. a3 a5 7. e3 d6 8. Nge2 O-O 9. O-O Bb6 10. Rb1 Qe8 11. b4 axb4 12. axb4 Qh5 13. d4 f4 14. exf4 exd4 15. Nd5 Nxd5 16. cxd5 d3 17. dxc6 dxe2 18. Qd5+ Qxd5 19. Bxd5+ Kh8 20. Re1 bxc6 21. Bxc6 Ra2 22. Bd5 Rc2 23. Bb3 Rc3 24. Ba4 Bg4 25. Bb5 Rc2 26. Rb2 Rxb2 27. Bxb2 d5 28. Bxe2 Re8 29. Be5 Bh3 30. Rd1 1-0

[Event "Quebec op"]
[Site "Ste-Foy CAN"]
[Date "2017.08.13"]
[Round "3.11"]
[White "Bernatchez, Dan"]
[Black "Currie, James"]
[Result "0-1"]
[WhiteElo "1950"]
[BlackElo "2041"]
[WhiteFideId "-1"]
[WhiteFideId "-1"]
[PlyCount "74"]
[GameId "2160767908347224"]
[EventDate "2017.08.12"]
[EventType "swiss"]
[EventRounds "9"]
[EventCountry "CAN"]

1. e4 d5 2. exd5 Nf6 3. Bb5+ Bd7 4. Bc4 Bg4 5. f3 Bf5 6. Nc3 Nbd7 7. g4 Ne5 8. d3 Bd7 9. Bf4 Ng6 10. Be3 Ne5 11. Bd4 Nxc4 12. dxc4 c6 13. g5 Nh5 14. Qd2 e6 15. O-O-O Be7 16. h4 Ng3 17. Rh2 Nf5 18. f4 Qa5 19. d6 Bf8 20. c5 b6 21. cxb6 axb6 22. Nf3 c5 23. Bg1 f6 24. Re2 Bxd6 25. Bh2 Ra7 26. Ne4 Qxd2+ 27. Rexd2 Be7 28. a3 Bc6 29. Re2 Kf7 30. c3 Ra4 31. Nfd2 Nxh4 32. gxf6 gxf6 33. Rde1 Bxe4 34. Rxe4 Rxe4 35. Rxe4 Rg8 36. Re2 Rg2 37. Rxg2 Nxg2 0-1

[Event "Quebec op"]
[Site "Ste-Foy CAN"]
[Date "2017.08.13"]
[Round "3.12"]
[White "Tanaka, Tyler"]
[Black "Bluteau, Yvon"]
[Result "1-0"]
[WhiteElo "2004"]
[BlackElo "1852"]
[WhiteFideId "-1"]
[WhiteFideId "-1"]
[PlyCount "105"]
[GameId "2160767908347225"]
[EventDate "2017.08.12"]
[EventType "swiss"]
[EventRounds "9"]
[EventCountry "CAN"]

1. e4 b6 2. d4 Bb7 3. Nc3 e6 4. a3 d6 5. Nf3 Nd7 6. Bd3 Ne7 7. Bf4 g6 8. Qd2 Bg7 9. Bh6 O-O 10. h4 Nf6 11. h5 Ng4 12. Bxg7 Kxg7 13. Qf4 f5 14. Ng5 Bc8 15. f3 e5 16. dxe5 fxe4 17. Qxe4 Bf5 18. Qxf5 gxf5 19. Ne6+ Kh6 20. Nxd8 Raxd8 21. fxg4 fxg4 22. exd6 Rxd6 23. O-O-O c5 24. Rhf1 Rdf6 25. Ne4 Rxf1 26. Rxf1 Rxf1+ 27. Bxf1 Kxh5 28. Nf6+ Kh4 29. Nxh7 Nd5 30. Bd3 Ne3 31. Be4 Kg3 32. Kd2 Kf2 33. Ng5 Nc4+ 34. Kc3 Ne3 35. Kd3 Nd1 36. b3 Ne3 37. a4 Nf1 38. Ne6 Ne3 39. Nf4 Nd1 40. Ne2 Ke1 41. Nc3 Nf2+ 42. Ke3 Kf1 43. g3 Nh3 44. Bf5 Nf2 45. Ne4 Nd1+ 46. Kd2 Nf2 47. Nxf2 Kxf2 48. Bxg4 Kxg3 49. Bc8 Kf4 50. Kc3 Ke5 51. Kc4 Kd6 52. Kb5 Kc7 53. Bh3 1-0

[Event "Quebec op"]
[Site "Ste-Foy CAN"]
[Date "2017.08.13"]
[Round "3.13"]
[White "Couture, Jonathan"]
[Black "Pare, Marc"]
[Result "0-1"]
[WhiteElo "1945"]
[BlackElo "1984"]
[WhiteFideId "-1"]
[WhiteFideId "-1"]
[PlyCount "84"]
[GameId "2160767908347226"]
[EventDate "2017.08.12"]
[EventType "swiss"]
[EventRounds "9"]
[EventCountry "CAN"]

1. e4 d5 2. exd5 Nf6 3. d4 Nxd5 4. c4 Nb6 5. Nf3 g6 6. Be3 Bg7 7. Nc3 O-O 8. Qd2 Nc6 9. Rc1 Bg4 10. c5 Nd5 11. Nxd5 Qxd5 12. Bc4 Qd7 13. d5 Bxf3 14. gxf3 Ne5 15. Be2 Qh3 16. f4 Qg2 17. Rf1 Ng4 18. Bxg4 Qxg4 19. f3 Qf5 20. Rd1 Rad8 21. Rf2 c6 22. Qc2 Qxc2 23. Rxc2 cxd5 24. Rcd2 e6 25. Ke2 Rc8 26. Rc2 Rfd8 27. Bd4 f6 28. b4 e5 29. fxe5 fxe5 30. Bb2 d4 31. Kd3 Rf8 32. Rf1 Rf4 33. Re2 Rcf8 34. b5 Kf7 35. Bc1 Rh4 36. Bg5 Rh5 37. Bc1 Ke6 38. Bb2 Kd5 39. Ba3 Rhf5 40. c6 Rxf3+ 41. Rxf3 Rxf3+ 42. Kd2 bxc6 0-1

[Event "Quebec op"]
[Site "Ste-Foy CAN"]
[Date "2017.08.13"]
[Round "3.14"]
[White "Mercure, Gilbert"]
[Black "Ouellet, Maili-Jade"]
[Result "0-1"]
[WhiteElo "1890"]
[BlackElo "1982"]
[WhiteFideId "-1"]
[WhiteFideId "-1"]
[PlyCount "93"]
[GameId "2160767908347227"]
[EventDate "2017.08.12"]
[EventType "swiss"]
[EventRounds "9"]
[EventCountry "CAN"]

1. e4 c5 2. d4 cxd4 3. c3 d3 4. Bxd3 g6 5. Be3 Nc6 6. f3 Bg7 7. Ne2 Nf6 8. Bc4 O-O 9. Na3 Ne5 10. Bb3 b6 11. Nc4 Nxc4 12. Bxc4 Qc7 13. Bb3 Bb7 14. Qd2 Rfd8 15. Bf4 d6 16. g4 Nd7 17. O-O-O a5 18. Bd5 a4 19. h4 a3 20. b3 Bxd5 21. exd5 Rdc8 22. Kc2 Ra5 23. Rc1 Rc5 24. c4 b5 25. Be3 bxc4 26. Bxc5 cxb3+ 27. axb3 Qb7 28. b4 dxc5 29. Kb3 Bb2 30. Rc4 Ne5 31. Rhc1 Nxc4 32. Rxc4 Qa6 33. Rxc5 Rxc5 34. bxc5 a2 35. Qxb2 a1=Q 36. Qxa1 Qxa1 37. Nc3 Kf8 38. c6 Ke8 39. Nb5 Qd1+ 40. Kc4 Qxf3 41. Kc5 Qe3+ 42. Kc4 Kd8 43. Kb4 Qb6 44. Kc4 Kc8 45. g5 Qf2 46. d6 exd6 47. Nxd6+ 0-1

[Event "Quebec op"]
[Site "Ste-Foy CAN"]
[Date "2017.08.13"]
[Round "3.15"]
[White "Dube, Daniel"]
[Black "Auger, Bertrand"]
[Result "1/2-1/2"]
[WhiteElo "1623"]
[BlackElo "1969"]
[WhiteFideId "-1"]
[WhiteFideId "-1"]
[PlyCount "74"]
[GameId "2160767908347228"]
[EventDate "2017.08.12"]
[EventType "swiss"]
[EventRounds "9"]
[EventCountry "CAN"]

1. e4 e6 2. Nf3 d5 3. Nc3 Nf6 4. e5 Nfd7 5. d4 c5 6. dxc5 Bxc5 7. Bd3 Nc6 8. Bf4 Be7 9. h4 Nc5 10. a3 Nxd3+ 11. Qxd3 a6 12. h5 Bd7 13. Rh3 Qc7 14. Kf1 O-O-O 15. b4 d4 16. Ne2 Be8 17. Kg1 Rd5 18. Nexd4 Nxd4 19. Nxd4 Bb5 20. Qe3 Rhd8 21. c3 Bc4 22. Qe4 h6 23. Rg3 Bf8 24. Re3 Kb8 25. Bg3 R5d7 26. Qb1 Rd5 27. a4 Rc8 28. a5 Qd7 29. Qb2 Rd8 30. Bh4 Rc8 31. Ree1 Qc7 32. f4 Bb5 33. Nxb5 Rxb5 34. Rac1 Qc4 35. Bg3 Rd5 36. Kh2 Rd3 37. Red1 Rcd8 1/2-1/2

[Event "Quebec op"]
[Site "Ste-Foy CAN"]
[Date "2017.08.13"]
[Round "3.17"]
[White "Durette, Francis"]
[Black "Chevalier, Francois"]
[Result "1-0"]
[WhiteElo "1971"]
[BlackElo "1779"]
[WhiteFideId "-1"]
[WhiteFideId "-1"]
[PlyCount "89"]
[GameId "2160767908347229"]
[EventDate "2017.08.12"]
[EventType "swiss"]
[EventRounds "9"]
[EventCountry "CAN"]

1. c4 e6 2. Nc3 d5 3. d4 Nf6 4. Bg5 Be7 5. e3 c6 6. Nf3 Nbd7 7. Qc2 O-O 8. Bd3 dxc4 9. Bxc4 Nd5 10. Bxe7 Qxe7 11. Nxd5 exd5 12. Bd3 Nf6 13. O-O Be6 14. Rac1 h6 15. a3 Rad8 16. Qa4 Ra8 17. b4 a6 18. Nd2 Bd7 19. Qa5 Qd8 20. Qxd8 Rfxd8 21. Nb3 Be8 22. Na5 Rab8 23. Rc2 g6 24. Rfc1 Kg7 25. f3 Rd6 26. Kf2 Re6 27. Nb3 Re7 28. a4 Ra8 29. g4 Bd7 30. Nc5 Bc8 31. h3 Nd7 32. e4 Nxc5 33. Rxc5 Be6 34. e5 f6 35. f4 fxe5 36. dxe5 Rf7 37. Kg3 Raf8 38. Rf1 Bd7 39. Rc2 Re7 40. Re2 Be6 41. f5 gxf5 42. gxf5 Kh8 43. f6 Rc7 44. Bf5 Bxf5 45. Rxf5 1-0

[Event "Quebec op"]
[Site "Ste-Foy CAN"]
[Date "2017.08.13"]
[Round "3.19"]
[White "Bleau, John"]
[Black "Steinberg, Ellis"]
[Result "0-1"]
[WhiteElo "1859"]
[BlackElo "1651"]
[WhiteFideId "-1"]
[WhiteFideId "-1"]
[PlyCount "116"]
[GameId "2160767908347230"]
[EventDate "2017.08.12"]
[EventType "swiss"]
[EventRounds "9"]
[EventCountry "CAN"]

1. d4 Nf6 2. c4 g6 3. g3 Bg7 4. Bg2 O-O 5. Nf3 d6 6. O-O Nc6 7. Nc3 e5 8. dxe5 dxe5 9. h3 Qxd1 10. Rxd1 Be6 11. Nd5 Rad8 12. Ng5 Bxd5 13. Bxd5 Nxd5 14. Rxd5 Nd4 15. e3 Nc2 16. Rb1 Nb4 17. Rd2 Nxa2 18. Kf1 Nxc1 19. Rxd8 Rxd8 20. Rxc1 Bf8 21. Ke2 Bb4 22. Ne4 Kg7 23. Nc3 c6 24. Rc2 f5 25. Na2 Be7 26. f3 Kf7 27. Nc3 Bb4 28. Na2 Be7 29. Nc3 Ke6 30. Na4 Bb4 31. Nc3 Rd7 32. Na2 Be7 33. Nc3 Bb4 34. Na2 Be7 35. Nc3 Kd6 36. Na4 Kc7 37. c5 b5 38. cxb6+ axb6 39. Nc3 Kb7 40. b3 b5 41. Nd1 Ba3 42. Nf2 Rd5 43. e4 Rd4 44. exf5 gxf5 45. Nd3 Bd6 46. g4 e4 47. fxe4 fxe4 48. Nc5+ Bxc5 49. Rxc5 Rd3 50. Rh5 Rxb3 51. Rxh7+ Kb6 52. Kf2 Rf3+ 53. Kg2 b4 54. g5 b3 55. g6 Rf6 56. g7 Rg6+ 57. Kf2 b2 58. Rh8 Rxg7 0-1

[Event "Quebec op"]
[Site "Ste-Foy CAN"]
[Date "2017.08.14"]
[Round "4"]
[White "Berube, Antoine"]
[Black "Mikhalevski, Victor"]
[Result "1/2-1/2"]
[WhiteElo "2121"]
[BlackElo "2533"]
[WhiteFideId "-1"]
[WhiteFideId "-1"]
[PlyCount "165"]
[GameId "2160767908347231"]
[EventDate "2017.08.12"]
[EventType "swiss"]
[EventRounds "9"]
[EventCountry "CAN"]
[SourceTitle "CBM 180 Extra"]
[Source "ChessBase"]
[SourceDate "2017.10.06"]
[SourceVersion "1"]
[SourceVersionDate "2017.10.06"]
[SourceQuality "1"]

1. d4 Nf6 2. c4 e6 3. Nf3 c5 4. d5 exd5 5. cxd5 d6 6. Nc3 g6 7. Bf4 a6 8. a4 Bg7 9. h3 O-O 10. e3 Qe7 11. Nd2 Nbd7 12. Nc4 Ne8 13. a5 f5 14. Be2 g5 15. Bh2 f4 16. O-O Ne5 17. Nxe5 Bxe5 18. exf4 gxf4 19. Bg4 Ng7 20. Bxc8 Raxc8 21. Re1 Rf6 22. Ra4 Qf7 23. Rae4 Rg6 24. Qa4 Qf5 25. Kh1 Rf8 26. f3 Nh5 27. R4e2 Kh8 28. Ne4 Rfg8 29. Qc2 Bd4 30. Qc4 Qd7 31. Rc2 Qg7 32. Ree2 Be5 33. b4 cxb4 34. Qxb4 Nf6 35. Nxf6 Rxf6 36. Qc4 Qd7 37. Bg1 Rh6 38. Bh2 Qf7 39. Qe4 Qg7 40. Qf5 Rf6 41. Qe4 Rf7 42. Rc4 Qf6 43. Bg1 Re8 44. Qc2 Ree7 45. Bb6 Qf5 46. Qxf5 Rxf5 47. Ree4 Kg7 48. Rc8 Kf7 49. Kg1 Rd7 50. Kf2 Bf6 51. Rc2 Kg6 52. Rd2 Re7 53. Bd8 Ree5 54. Bxf6 Kxf6 55. Rdd4 Rxe4 56. Rxe4 Kg5 57. Rd4 Kf6 58. Re4 Kg5 59. Rd4 Re5 60. g3 fxg3+ 61. Kxg3 Kf5 62. Rf4+ Kg6 63. Rg4+ Kf6 64. Rf4+ Kg7 65. Rb4 Rxd5 66. Rxb7+ Kf6 67. Rb6 Rxa5 68. Rxd6+ Kf7 69. f4 h5 70. Rb6 Ke7 71. Kh4 Ke8 72. Rb7 Rb5 73. Ra7 a5 74. Kg3 Kd8 75. Kf3 Rb3+ 76. Ke4 Rxh3 77. Rxa5 Ke7 78. Kf5 Rf3 79. Ra7+ Kf8 80. Rh7 Ra3 81. Kg5 h4 82. Rxh4 Kg7 83. Rh2 1/2-1/2

[Event "Quebec op"]
[Site "Ste-Foy CAN"]
[Date "2017.08.14"]
[Round "4"]
[White "Larochelle, Martial"]
[Black "Tanaka, Tyler"]
[Result "0-1"]
[WhiteElo "2063"]
[BlackElo "2004"]
[WhiteFideId "-1"]
[WhiteFideId "-1"]
[PlyCount "40"]
[GameId "2160767908347233"]
[EventDate "2017.08.12"]
[EventType "swiss"]
[EventRounds "9"]
[EventCountry "CAN"]
[SourceTitle "CBM 180 Extra"]
[Source "ChessBase"]
[SourceDate "2017.10.06"]
[SourceVersion "1"]
[SourceVersionDate "2017.10.06"]
[SourceQuality "1"]

1. d4 Nf6 2. Nf3 g6 3. Bg5 Bg7 4. Nbd2 O-O 5. c3 d6 6. e4 h6 7. Bh4 g5 8. Bg3 Nh5 9. Bd3 Nxg3 10. hxg3 c5 11. dxc5 dxc5 12. Qc2 Nc6 13. Bc4 Na5 14. e5 Nxc4 15. Nxc4 Re8 16. Rd1 Qc7 17. Qe4 Be6 18. Ne3 Rad8 19. Nd5 Bxd5 20. Rxd5 Qc6 0-1

[Event "Quebec op"]
[Site "Ste-Foy CAN"]
[Date "2017.08.14"]
[Round "4.8"]
[White "Ouellet, Maili-Jade"]
[Black "Sprumont, Oscar"]
[Result "1/2-1/2"]
[WhiteElo "1982"]
[BlackElo "2061"]
[WhiteFideId "-1"]
[WhiteFideId "-1"]
[PlyCount "178"]
[GameId "2160767908347237"]
[EventDate "2017.08.12"]
[EventType "swiss"]
[EventRounds "9"]
[EventCountry "CAN"]

1. d4 Nf6 2. c4 e6 3. Nc3 Bb4 4. Qc2 b6 5. e4 c5 6. a3 Bxc3+ 7. bxc3 Bb7 8. Bd3 b5 9. Rb1 bxc4 10. Rxb7 cxd3 11. Qxd3 cxd4 12. cxd4 O-O 13. Ne2 Qc8 14. Rb5 Qa6 15. O-O Nxe4 16. Bf4 d5 17. Qb1 Nd7 18. Rc1 Rfc8 19. f3 Rxc1+ 20. Bxc1 Nd6 21. Rb2 Rc8 22. Rc2 Rb8 23. Rb2 Rc8 24. Rc2 Rxc2 25. Qxc2 Qc4 26. Qd1 Nb6 27. h4 Nb5 28. h5 h6 29. Qd2 Qb3 30. Qf4 Nd7 31. Qg4 Kh7 32. Qh4 Qc2 33. Qe1 Qd3 34. Bb2 Qc2 35. Bc1 Nb6 36. Kf1 Qd3 37. Qb4 Qc4 38. Qd2 Na4 39. Kf2 Nb6 40. Qf4 Qc7 41. Qxc7 Nxc7 42. Nc3 Nc4 43. Ke2 Kg8 44. Kd3 Kf8 45. Kc2 Ke7 46. Kb3 Kd6 47. Bf4+ Kc6 48. Bc1 f6 49. Ne2 Nb5 50. a4 Nbd6 51. g4 a5 52. Nf4 Kd7 53. Nd3 e5 54. Kc3 Ke7 55. Nc5 Nb6 56. Ba3 Ndc4 57. Bc1 Nd7 58. Nb7 Nb8 59. Nc5 Nc6 60. Nb3 Nb6 61. Bd2 Nxa4+ 62. Kc2 exd4 63. Bxa5 Nxa5 64. Nxa5 f5 65. Nc6+ Kf6 66. gxf5 Kxf5 67. Kd3 Nc5+ 68. Kxd4 Ne6+ 69. Kxd5 Nf4+ 70. Kd4 Nxh5 71. Ke3 g5 72. Nd4+ Ke5 73. Nc6+ Kf6 74. Nd4 Nf4 75. Kf2 Nd5 76. Kg3 h5 77. Ne2 Ke5 78. Nc1 Nf4 79. Nb3 Nd3 80. Nd2 Kf5 81. Nb3 h4+ 82. Kg2 Nf4+ 83. Kf2 Nd3+ 84. Kg2 Kf4 85. Nd4 Ke3 86. Nf5+ Kd2 87. Nxh4 Ne1+ 88. Kg3 Ke2 89. Kg4 Nxf3 1/2-1/2

[Event "Quebec op"]
[Site "Ste-Foy CAN"]
[Date "2017.08.14"]
[Round "4.12"]
[White "Arteau, Benoit"]
[Black "Perron, Jonathan"]
[Result "0-1"]
[WhiteElo "1948"]
[BlackElo "2080"]
[WhiteFideId "-1"]
[WhiteFideId "-1"]
[PlyCount "108"]
[GameId "2160767908347238"]
[EventDate "2017.08.12"]
[EventType "swiss"]
[EventRounds "9"]
[EventCountry "CAN"]

1. b3 d5 2. Bb2 Nf6 3. e3 Bf5 4. Nf3 e6 5. c4 Be7 6. Be2 h6 7. O-O O-O 8. Nc3 c6 9. Rc1 Nbd7 10. d4 Re8 11. Bd3 Ne4 12. Qc2 Ndf6 13. Ne5 Nxc3 14. Bxf5 Nxa2 15. Bd3 Nxc1 16. Rxc1 Bd6 17. Ra1 Bxe5 18. dxe5 Ne4 19. c5 b6 20. b4 bxc5 21. bxc5 Qe7 22. Bd4 f5 23. f3 Ng5 24. Ra6 Qb7 25. Qa4 Rec8 26. Kf2 Nf7 27. e4 fxe4 28. fxe4 Ng5 29. exd5 exd5 30. Qa2 Ne6 31. Be3 Qf7+ 32. Kg1 Nf4 33. Bf1 Rc7 34. g3 Ng6 35. Bg2 Rd8 36. Bd4 Qf5 37. Rxa7 Rxa7 38. Qxa7 Nxe5 39. h3 Nf7 40. Qc7 Qe6 41. Kh2 Rf8 42. h4 Qg6 43. Qd7 h5 44. Bh3 Qe4 45. Ba1 Ra8 46. Bb2 Qe2+ 47. Kg1 Qxb2 48. Qxc6 Ra1+ 49. Bf1 Qd4+ 50. Kg2 Ra2+ 51. Kh1 Qe4+ 52. Kg1 Qe3+ 53. Kh1 Qf3+ 54. Kg1 Qxg3+ 0-1

[Event "Quebec op"]
[Site "Ste-Foy CAN"]
[Date "2017.08.14"]
[Round "4.14"]
[White "Gras, Guillaume"]
[Black "Bahadi, Khalid"]
[Result "1-0"]
[WhiteElo "2061"]
[BlackElo "1825"]
[WhiteFideId "-1"]
[WhiteFideId "-1"]
[PlyCount "95"]
[GameId "2160767908347239"]
[EventDate "2017.08.12"]
[EventType "swiss"]
[EventRounds "9"]
[EventCountry "CAN"]

1. e4 e5 2. Nf3 Nc6 3. d4 exd4 4. Bc4 d6 5. c3 Ne5 6. Nxe5 dxe5 7. Qb3 Qe7 8. O-O c6 9. cxd4 exd4 10. Bg5 f6 11. Bxg8 fxg5 12. Nd2 Rxg8 13. Qxg8 Be6 14. Qxh7 O-O-O 15. Qg6 Qf6 16. Qh5 Qf4 17. Nf3 Bg4 18. Qxg5 Qxg5 19. Nxg5 Be2 20. Rfe1 d3 21. Ne6 Bb4 22. Reb1 Re8 23. Nxg7 Rxe4 24. a3 Bf8 25. Nf5 d2 26. Ng3 Re6 27. Nxe2 Rxe2 28. Kf1 Re5 29. f4 Re4 30. g3 Bc5 31. Rd1 Be3 32. Kg2 b5 33. Kf3 Re8 34. b4 Bd4 35. Ra2 Re3+ 36. Kg4 Bc3 37. h4 c5 38. Rc2 c4 39. h5 a5 40. Rxc3 Rxc3 41. Rxd2 Rxa3 42. Rd5 axb4 43. Rxb5 b3 44. Rc5+ Kd7 45. Rxc4 Kd6 46. h6 Kd5 47. Rb4 Kc5 48. Rb8 1-0

[Event "Quebec op"]
[Site "Ste-Foy CAN"]
[Date "2017.08.14"]
[Round "4.17"]
[White "Steinberg, Ellis"]
[Black "Couture, Jonathan"]
[Result "0-1"]
[WhiteElo "1651"]
[BlackElo "1945"]
[WhiteFideId "-1"]
[WhiteFideId "-1"]
[PlyCount "76"]
[GameId "2160767908347240"]
[EventDate "2017.08.12"]
[EventType "swiss"]
[EventRounds "9"]
[EventCountry "CAN"]

1. e4 g6 2. Nf3 Bg7 3. g3 d6 4. Bg2 Nf6 5. d3 e5 6. O-O Nc6 7. Nc3 O-O 8. h3 h6 9. Be3 Be6 10. d4 Bc4 11. Re1 Nd7 12. d5 Ne7 13. Nd2 Ba6 14. f3 f5 15. Bf2 Nf6 16. Bf1 Bxf1 17. Nxf1 Qd7 18. Kg2 Rf7 19. Qd3 Raf8 20. Nd1 Nh7 21. Nd2 fxe4 22. fxe4 Ng5 23. Rh1 Nf3 24. Nxf3 Rxf3 25. Be3 g5 26. Nc3 Ng6 27. Raf1 g4 28. h4 h5 29. Rf2 Bh6 30. Rxf3 Rxf3 31. Nd1 Bf4 32. Rf1 Rxg3+ 33. Kf2 Nxh4 34. Ke2 Ng6 35. Qd2 h4 36. Bxf4 exf4 37. Rxf4 Qb5+ 38. Kf2 Nxf4 0-1

[Event "Quebec op"]
[Site "Ste-Foy CAN"]
[Date "2017.08.14"]
[Round "4.18"]
[White "Lessard, Claude"]
[Black "Cossette, Daniel"]
[Result "1/2-1/2"]
[WhiteElo "1872"]
[BlackElo "2125"]
[WhiteFideId "-1"]
[WhiteFideId "-1"]
[PlyCount "21"]
[GameId "2160767908347241"]
[EventDate "2017.08.12"]
[EventType "swiss"]
[EventRounds "9"]
[EventCountry "CAN"]

1. d4 d5 2. c4 e6 3. Nc3 c5 4. cxd5 exd5 5. Nf3 Nf6 6. g3 Nc6 7. Bg2 Be7 8. O-O O-O 9. Bg5 c4 10. Re1 Be6 11. Bxf6 1/2-1/2

[Event "Quebec op"]
[Site "Ste-Foy CAN"]
[Date "2017.08.15"]
[Round "5"]
[White "Beaulieu, Eric"]
[Black "Ouellet, Maili-Jade"]
[Result "0-1"]
[WhiteElo "2154"]
[BlackElo "1982"]
[WhiteFideId "-1"]
[WhiteFideId "-1"]
[PlyCount "126"]
[GameId "2160767908347242"]
[EventDate "2017.08.12"]
[EventType "swiss"]
[EventRounds "9"]
[EventCountry "CAN"]
[SourceTitle "CBM 180 Extra"]
[Source "ChessBase"]
[SourceDate "2017.10.06"]
[SourceVersion "1"]
[SourceVersionDate "2017.10.06"]
[SourceQuality "1"]

1. d4 Nf6 2. c4 g6 3. Nc3 Bg7 4. e4 d6 5. Nf3 O-O 6. Be2 e5 7. O-O exd4 8. Nxd4 Re8 9. f3 c6 10. Nc2 Na6 11. Kh1 Nc5 12. Bf4 Bf8 13. Qd2 Nh5 14. Bg5 Qc7 15. b4 Ne6 16. Be3 Neg7 17. g4 Nf6 18. Rad1 Nd7 19. Rg1 a6 20. a4 a5 21. b5 Ne6 22. Bh6 Ng7 23. Ne3 Qd8 24. Bf4 Ne5 25. c5 Ne6 26. Nf5 Nxc5 27. Nxd6 Nb3 28. Qb2 Bxd6 29. Qxb3 Qe7 30. Qc2 Bc5 31. Rgf1 g5 32. Bg3 Ng6 33. Bc4 Nf4 34. Bxf4 gxf4 35. Ne2 Qe5 36. Qd2 Be3 37. Qd6 Qxd6 38. Rxd6 Be6 39. Bxe6 Rxe6 40. Rxe6 fxe6 41. bxc6 bxc6 42. Nc3 Rb8 43. Rb1 Rb4 44. Kg2 Bd4 45. Rxb4 axb4 46. Nb1 Be3 47. a5 Kf8 48. Kf1 Ke7 49. h4 Kd6 50. Ke2 Kc5 51. Kd3 Kb5 52. g5 Kxa5 53. Kc4 Bc1 54. h5 Bb2 55. Nd2 Bg7 56. g6 hxg6 57. hxg6 Ka4 58. Nb3 Ka3 59. Nc5 Bf8 60. Nxe6 b3 61. Nxf8 b2 62. g7 b1=Q 63. g8=Q Qb3+ 0-1

[Event "Quebec op"]
[Site "Ste-Foy CAN"]
[Date "2017.08.15"]
[Round "5"]
[White "Perez Rodriguez, Luis Manuel"]
[Black "Berube, Antoine"]
[Result "1/2-1/2"]
[WhiteElo "2364"]
[BlackElo "2121"]
[WhiteFideId "-1"]
[WhiteFideId "-1"]
[PlyCount "47"]
[GameId "2160767908347243"]
[EventDate "2017.08.12"]
[EventType "swiss"]
[EventRounds "9"]
[EventCountry "CAN"]
[SourceTitle "CBM 180 Extra"]
[Source "ChessBase"]
[SourceDate "2017.10.06"]
[SourceVersion "1"]
[SourceVersionDate "2017.10.06"]
[SourceQuality "1"]

1. e4 c5 2. Nf3 d6 3. d4 cxd4 4. Nxd4 Nf6 5. Nc3 a6 6. Bg5 Nbd7 7. Qe2 h6 8. Bh4 g6 9. f4 e5 10. fxe5 dxe5 11. O-O-O Qc7 12. Nb3 b5 13. Nd5 Nxd5 14. exd5 Bd6 15. Nd2 Nc5 16. Bf6 O-O 17. g4 Bb7 18. Ne4 Rfe8 19. h4 Nxe4 20. Qxe4 Be7 21. Bxe7 Qxe7 22. Rd2 Rad8 23. Bg2 Rd6 24. Qe3 1/2-1/2

[Event "Quebec op"]
[Site "Ste-Foy CAN"]
[Date "2017.08.15"]
[Round "5.1"]
[White "Mikhalevski, Victor"]
[Black "Sambuev, Bator"]
[Result "1-0"]
[WhiteElo "2533"]
[BlackElo "2522"]
[WhiteFideId "-1"]
[WhiteFideId "-1"]
[PlyCount "101"]
[GameId "2160767908347246"]
[EventDate "2017.08.12"]
[EventType "swiss"]
[EventRounds "9"]
[EventCountry "CAN"]

1. d4 e6 2. c4 Nf6 3. Nf3 b6 4. g3 Ba6 5. Qa4 Bb7 6. Bg2 Be7 7. O-O O-O 8. Nc3 Ne4 9. Qc2 Nxc3 10. Qxc3 c5 11. Rd1 d6 12. d5 exd5 13. cxd5 Bf6 14. Qc2 Nd7 15. Nd2 b5 16. Ne4 Be7 17. Bf4 Nb6 18. Nxc5 dxc5 19. d6 Bxg2 20. dxe7 Qxe7 21. Kxg2 Rfe8 22. Bd6 Qxe2 23. Qxe2 Rxe2 24. Bxc5 Rxb2 25. Rdb1 Rc2 26. Rxb5 a6 27. Rxb6 Rxc5 28. a4 g6 29. a5 h5 30. h4 Kg7 31. Ra3 Ra7 32. f4 Re7 33. Rxa6 Rc2+ 34. Kf3 Rh2 35. Re3 Rd7 36. Re2 Rd3+ 37. Ke4 Rxe2+ 38. Kxd3 Rg2 39. Rb6 Rxg3+ 40. Kc4 Rf3 41. a6 Rxf4+ 42. Kb5 Rf5+ 43. Kb4 Rf1 44. Rb5 Ra1 45. Ra5 Rb1+ 46. Kc5 Rb8 47. a7 Ra8 48. Kb6 f5 49. Kb7 Rxa7+ 50. Kxa7 Kf6 51. Ra6+ 1-0

[Event "Quebec op"]
[Site "Ste-Foy CAN"]
[Date "2017.08.15"]
[Round "5.8"]
[White "Sprumont, Oscar"]
[Black "Yao, Sammy"]
[Result "1-0"]
[WhiteElo "2061"]
[BlackElo "1965"]
[WhiteFideId "-1"]
[WhiteFideId "-1"]
[PlyCount "55"]
[GameId "2160767908347249"]
[EventDate "2017.08.12"]
[EventType "swiss"]
[EventRounds "9"]
[EventCountry "CAN"]

1. Nf3 g6 2. c4 Bg7 3. Nc3 d6 4. d4 Nd7 5. g3 Ngf6 6. Bg2 O-O 7. O-O e5 8. e4 exd4 9. Nxd4 Re8 10. h3 a6 11. Re1 Rb8 12. Rb1 Ne5 13. b3 Bd7 14. Bb2 Nc6 15. Nxc6 Bxc6 16. c5 dxc5 17. e5 Nd7 18. Bxc6 bxc6 19. f4 g5 20. Ne4 gxf4 21. gxf4 Qe7 22. Kh2 Qe6 23. Qf3 Kh8 24. Rbc1 Rb5 25. Rg1 Rg8 26. Ng5 Qe8 27. Qh5 h6 28. Nxf7+ 1-0

[Event "Quebec op"]
[Site "Ste-Foy CAN"]
[Date "2017.08.15"]
[Round "5.9"]
[White "Perron, Jonathan"]
[Black "Halhal, Sami"]
[Result "1-0"]
[WhiteElo "2080"]
[BlackElo "1907"]
[WhiteFideId "-1"]
[WhiteFideId "-1"]
[PlyCount "75"]
[GameId "2160767908347250"]
[EventDate "2017.08.12"]
[EventType "swiss"]
[EventRounds "9"]
[EventCountry "CAN"]

1. e4 d6 2. d4 Nf6 3. Nc3 g6 4. Be3 Bg7 5. Qd2 Nc6 6. f3 e5 7. Nge2 Bd7 8. O-O-O exd4 9. Nxd4 Qe7 10. g4 a6 11. g5 Nh5 12. Nd5 Qd8 13. Be2 Ne5 14. f4 Nc6 15. Bxh5 gxh5 16. Nxc6 bxc6 17. Bd4 cxd5 18. Bxg7 Rg8 19. Bf6 Qc8 20. exd5 Rg6 21. Rde1+ Kf8 22. Bc3 c5 23. dxc6 Qxc6 24. Qd4 f6 25. f5 Bxf5 26. Rhf1 Qd7 27. Qd5 Re8 28. Rxe8+ Kxe8 29. Rxf5 Rxg5 30. Rxg5 fxg5 31. Qg8+ Ke7 32. Qxh7+ Kd8 33. Bf6+ Kc7 34. Qxd7+ Kxd7 35. Bxg5 Ke6 36. Kd2 Ke5 37. Kd3 d5 38. h4 1-0